Score 0/22 Timer 07:00
1 Play Today
Hint Answer % Correct
The protagonist of a masterful film trilogy made by Satyajit Ray between 1955 and 1959.Apu
79.2%
The red, and most aggressive, ghost who serves as a danger to Pac Man and his wife.Blinky
73.3%
A herding dog breed known for having fur-covered eyes.Bouvier
72.6%
Comics villain, principally of Thor and the Avengers.Radioactive Man
63.7%
Age at which Frank Sinatra had 'a very good year.'17
62.5%
Fictional child who is so wealthy, his middle name is actually '$.'Richie Rich
60.3%
Comment by John Lennon which sparked protests in the U.S.Bigger Than Jesus
55.1%
Sylvia Plath poem beginning with the lines, 'You do not do, do you not do / Any more, black shoe'Daddy
52.9%
Hunky actor known for appearing in Cocoon and the Police Academy movies.Steve Guttenberg
47.6%
An ethnic group primarily living in Burkina Faso.Bobo
47.5%
Sit-com, comics, and cartoon character created and voiced by Paul Fusco.ALF
46.8%
Hint Answer % Correct
College town in Wyoming famous for being the home of murdered student Matthew Shepard.Laramie
44.8%
Heavily disputed region now divided between India, Pakistan, and China.Kashmir
40.7%
Creepy X-Men comics villain who is both a dictator and reality TV mogul. Spineless.Mojo
39.5%
1975 hit by the band War (ironically). Later covered by Smash Mouth.Why Can't We Be Friends?
37.1%
Comedian whose first directorial effort was 1966's 'What's Up, Tiger Lily'Woody Allen
35%
Actual law enforcement officer, famously portrayed on film and TV by Kevin Costner and Robert Stack.Eliot Ness
32.2%
Katsuhiro Otomo's groundbreaking 1988 film, featuring explosions and teddy bears.Akira
26.7%
Famous 'tough guy' actor; got his start as Vincent Price's mute assistant in 'House of Wax.'Charles Bronson
24.7%
Rock band who lost two of its founding members, Pete Farndorn and James Honeyman-Scott, within two days of each other.The Pretenders
13.6%
Character created by Bill Saluga, famous for appearing in a series of beer commercialsRay J Johnson
12.2%
Artist famous for the works 'Running Fence' and 'Valley Curtain,' among others.Christo
8.6%
Remove Ads.
Support Sporcle.
Get the best of Sporcle when you Go Orange. This ad-free experience offers more features, more stats, and more fun while also helping to support Sporcle. Thank you for becoming a member.

You're not logged in!

Compare scores with friends on all Sporcle quizzes.
OR
Log In

Show Comments

Extras

Top Quizzes Today


Score Distribution

Your Account Isn't Verified!

In order to create a playlist on Sporcle, you need to verify the email address you used during registration. Go to your Sporcle Settings to finish the process.

Report this User

Report this user for behavior that violates our Community Guidelines.

Details: